000 00792nam a22002417a 4500
003 LK-CoDNM
005 20241106125238.0
008 241015b |||||||| |||| 00| 0 eng d
040 _aLK-CoDNM
_dLK-CoDNM
_eLK-CoDNM
041 _asin
080 _aප්‍ර.ස
_b135.A1
100 _aමිසී නිශ්ශංක
245 _aසිසිල-1958
_b3 කාණ්ඩය 3 කලාපය
260 _c1958
_aමරදගහමුල
_bශාන්ති මුද්‍රණාලය
300 _b18p. ; 26 cm
650 _aසිසිල-1958
650 _a3 කාණ්ඩය 3 කලාපය
650 _aමාසික සගරාව
650 _aප්‍ර.ස 135.A1
650 _a1958
650 _aමිසී නිශ්ශංක
942 _cBK
999 _c227689
_d227689